Loreto College Library, Kolkata
WEBOPAC (ONLINE PUBLIC ACCESS CATALOGUE)

Foster and headley's education in the kindergarten (Record no. 27116)

MARC details
000 -LEADER
fixed length control field 00586nam a2200193Ia 4500
008 - FIXED-LENGTH DATA ELEMENTS--GENERAL INFORMATION
fixed length control field 131103s9999 xx 000 0 und d
040 ## - CATALOGING SOURCE
Original cataloging agency Loreto College
041 ## - LANGUAGE CODE
Language code English
082 ## - DDC | ডিউই
Classification number | বর্গসংখ্যা 372.21/HEA
Book Number | গ্রন্থাঙ্ক LCBED/1565
245 ## - TITLE STATEMENT | অাখ্যা বিবরণী
Title | অাখ্যা Foster and headley's education in the kindergarten
Statement of responsibility | লেখকের দায়িত্বের বিবরণ Neith E Headley
250 ## - EDITION STATEMENT | সংস্করণ ক্ষেত্র
Edition statement | সংস্করণ 3rd ed.
260 ## - IMPRINT | প্রকাশনা ক্ষেত্র
Place of publication | প্রকাশ স্থান New York
Name of publisher | প্রকাশকের নাম American Book
Date of publication | প্রকাশ কাল 1959
300 ## - PHYSICAL DESCRIPTION |
Page / Vol. No | পৃষ্ঠা / খন্ড সংখ্যা xii,499p.
Other physical details | অনান্য বাহ্যিক বিবরণ ill.,photos
504 ## - BIBLIOGRAPHY, ETC. NOTE
Bibliography, etc Includes bibliographical references & index
650 ## - SUBJECT ADDED ENTRY--TOPICAL TERM | বিষয় শিরোনাম - মূল বিষয়
Topical term | মূল বিষয় Elementary edcation
700 ## - ADDED ENTRY--PERSONAL NAME | অতিরিক্ত সংলেখ - ব্
Personal name | ব্যাক্তিনাম Headley, Neith E.
850 ## - HOLDING INSTITUTION
Holding institution LCBED/372.21/HEA
942 ## - ADDED ENTRY ELEMENTS (KOHA)
Koha item type Books
Holdings
Withdrawn status Lost status Damaged status Not for loan Home library Current library Date acquired Total Checkouts Full call number Accession No. Date last seen Price effective from Koha item type
        Loreto College Loreto College 04/11/2013   372.21/HEA LCBED/1565 B29957 04/11/2013 04/11/2013 Books